Vista normal
Vista MARC
Entrada Materia (personas)
Número de registros utilizados en: 1
001 - CONTROL NUMBER
- control field: 64494
003 - CONTROL NUMBER IDENTIFIER
- control field: Co-BoUCM
005 - DATE AND TIME OF LATEST TRANSACTION
- control field: 20140912094835.0
008 - FIXED-LENGTH DATA ELEMENTS
- fixed length control field: 140912|| aca||aabn | a|a d
040 ## - CATALOGING SOURCE
- Original cataloging agency: Co-BoUCM
- Transcribing agency: Co-BoUCM
100 ## - HEADING--PERSONAL NAME
- Personal name: Cipolla, Bartolomeo
- Dates associated with a name: d. ca. 1477
670 ## - SOURCE DATA FOUND
- Source citation: Work cat.: (Co-BoUCM)72800: Cipolla, Bartolomeo d. ca. 1477, Tractatus varii ... in octo libros distributi omnibus tam in foro quam in scholis versantibus utilissimi et practicabiles, multis nunc sumariis locupletati. Additisq. Argumentis ad singula capita., 1613